Loading...
| Science - Chemistry | 0 | 3 | 0 | 0 | 30 | 107 | 115.00 | 0 | 2 |
| Social Science | 0 | 3 | 1 | 1 | 25 | 79 | 101.00 | 0 | 1 |
| History - World History | 0 | 3 | 2 | 1 | 20 | 97 | 105.67 | 0 | 2 |
| Science - Biology | 0 | 2 | 0 | 0 | 20 | 91 | 108.00 | 1 | 2 |
| History - American History | 0 | 2 | 0 | 0 | 20 | 78 | 79.50 | 0 | 2 |
| History - Other History | 1 | 0 | 0 | 0 | 15 | 68 | 68.00 | 1 | 1 |
| Beliefs | 0 | 2 | 1 | 1 | 15 | 128 | 130.50 | 0 | 0 |
| Other Academic | 0 | 1 | 0 | 0 | 10 | 94 | 94.00 | 0 | 0 |
| Literature - American Literature | 0 | 1 | 0 | 0 | 10 | 116 | 116.00 | 0 | 1 |
| Literature - British Literature | 0 | 1 | 0 | 0 | 10 | 100 | 100.00 | 0 | 0 |
| Auditory Arts | 0 | 1 | 0 | 0 | 10 | 90 | 90.00 | 0 | 1 |
| Science - Other Science | 0 | 1 | 1 | 0 | 5 | 70 | 70.00 | 1 | 1 |
| Visual Arts | 0 | 0 | 0 | 0 | 0 | 0.00 | 0 | 0 | |
| History - European History | 0 | 0 | 0 | 0 | 0 | 0.00 | 0 | 0 | |
| Literature - European Literature | 0 | 0 | 0 | 0 | 0 | 0.00 | 0 | 0 | |
| Literature - World Literature | 0 | 0 | 0 | 0 | 0 | 0.00 | 0 | 0 | |
| Philosophy | 0 | 0 | 0 | 0 | 0 | 0.00 | 0 | 0 | |
| History - Ancient History | 0 | 0 | 1 | 0 | -5 | 0.00 | 0 | 0 | |
| Fine Arts - Other Arts | 0 | 0 | 1 | 0 | -5 | 0.00 | 0 | 0 | |
| Science - Physics | 0 | 0 | 2 | 0 | -10 | 0.00 | 0 | 0 |